000 00618nam a22002057a 4500
003 PILC
005 20151028141741.0
008 130312t xxu||||| |||| 00| 0 eng d
020 _a0140549056
050 _aPZ 8.1
_b.Aa113 1975
082 _aGS 301.31
_bK74 1972
100 _aAardema, Verna
_921651
245 _aWhy mosquitoes buzz in people's ears /
_cVerna Aardema ; pictures by Leo and Diane Dillon.
260 _aNew York :
_bDial books for Young Readers,
_c1972.
300 _a30 p. :
_c26 cm.
_bill. col. ;
520 _aCaldecott MEDAL
650 _aMosquitoes
_921656
942 _2lcc
_cBK
999 _c12101
_d12101